| 000 | 00524nam a2200181Ia 4500 | ||
|---|---|---|---|
| 003 | GCL | ||
| 008 | 140319s9999 xx 000 0 ara d | ||
| 040 |
_aGCL / _cGCL |
||
| 082 | 0 | 4 |
_a371.95 _bد ر |
| 100 | 1 | _aرمضان محمد القذافى | |
| 245 | 1 | 0 |
_aرعاية الموهوبين والمبدعين / _cرمضان محمد القذافى |
| 300 | _a223 ص | ||
| 490 |
_a100 قصة _v0 |
||
| 650 | 0 | 4 | _aالتربية |
| 650 | 0 | 4 | _aالخدمة الاجتماعية |
| 650 | 0 | 4 | _aالطلبة |
| 942 |
_2ddc _cBK |
||
| 999 |
_c43655 _d43655 |
||